Govt. of
Madhya Pradesh

12 year (1999-2010) IIT JEE unsolved (Record no. 44764)

MARC details
000 -LEADER
fixed length control field 004500000a22001810004500
003 - CONTROL NUMBER IDENTIFIER
control field MACL
005 - DATE AND TIME OF LATEST TRANSACTION
control field 20160129113444.0
008 - FIXED-LENGTH DATA ELEMENTS--GENERAL INFORMATION
fixed length control field 160129b xxu||||| |||| 00| 0 eng d
040 ## - CATALOGING SOURCE
Original cataloging agency MACL
Transcribing agency MACL
041 ## - LANGUAGE CODE
Language code of text/sound track or separate title English
082 ## - DEWEY DECIMAL CLASSIFICATION NUMBER
Classification number 530/ARI
100 ## - MAIN ENTRY--PERSONAL NAME
Personal name Arihant Prakashan
9 (RLIN) 31539
245 ## - TITLE STATEMENT
Title 12 year (1999-2010) IIT JEE unsolved
260 ## - PUBLICATION, DISTRIBUTION, ETC. (IMPRINT)
Place of publication, distribution, etc. Meerut
Name of publisher, distributor, etc. Arihant Prakashan
350 ## - PRICE (NR) (BK AM CF MU VM SE) [OBSOLETE]
Price 145
650 ## - SUBJECT ADDED ENTRY--TOPICAL TERM
Topical term or geographic name as entry element Physics
9 (RLIN) 35188
942 ## - ADDED ENTRY ELEMENTS (KOHA)
Koha item type Books
Call number prefix 530/ARI
Source of classification or shelving scheme
Holdings
Withdrawn status Lost status Source of classification or shelving scheme Damaged status Not for loan Home library Current library Date acquired Cost, normal purchase price Total Checkouts Full call number Barcode Date last seen Uniform Resource Identifier Price effective from Koha item type
          MACL MACL 15/04/2015 145.00   530/ARI CLC004881 22/10/2017 45037 15/04/2015 Books